00500nam a2200181 a 4500001001300000003000900013005001700022008004100039020000900080082001700089100002600106245006000132260003500192300000900227500003500236505002400271650002300295nice12345678IN_TiNIC20260116011934.0050524s1981 newa grp 000 0 eng  ac7000a181.07bRAZ3 aRazi Al, Fakhr Al Din aIlm-Al-Akhlaq, Kitab Al-Nafs Wa`l Ruh Wa Sharh Quwahuma aNew DelhibKitab Bhavan c1981 a334p aincludes index and biblioraphy2 aBibliography, Index aPhilosophy-Islamic